Oceania Country & Territory Capitals - Statistics

General Stats
  • This quiz has been taken 252 times
  • The average score is 19 of 28
Answer Stats
Country / Territory Capital % Correct
Australia Canberra
99%
New Zealand Wellington
95%
Papua New Guinea Port Moresby
92%
Fiji Suva
91%
Samoa Apia
90%
Tuvalu Funafuti
88%
Nauru Yaren
88%
Tonga Nukuʻalofa
87%
Federated States of Micronesia Palikir
87%
Vanuatu Port Vila
87%
Solomon Islands Honiara
86%
Palau Ngerulmud
86%
Kiribati South Tarawa
85%
Marshall Islands Majuro
81%
American Samoa (United States) Pago Pago
72%
French Polynesia (France) Pape'ete
69%
New Caledonia (France) Nouméa
65%
Pitcairn (United Kingdom) Adamstown
60%
Guam (United States) Hagåtña
59%
Northern Mariana Islands (United States) Saipan
58%
Niue (New Zealand) Alofi
53%
Cook Islands (New Zealand) Avarua
51%
Christmas Island (Australia) Flying Fish Cove
44%
Norfolk Island (Australia) Kingston
44%
Wallis and Futuna (France) Mata-Utu
42%
Cocos Islands (Australia) West Island
40%
Tokelau (New Zealand) Fakaofo
19%
United States Minor Outlying Islands (United States) Washington D.C.
18%
No matching quizzes found
Score Distribution
Percent of People with Each Score
Percentile by Number Answered
Your Score History
You have not taken this quiz